| 000 | 00716nam a2200205 i 4500 | ||
|---|---|---|---|
| 001 | 39579 | ||
| 003 | ES-MaACL | ||
| 005 | 20260127062526.0 | ||
| 007 | t| | ||
| 008 | 030303s1903 sp ||||1| spa d | ||
| 100 | 1 |
_aCanalejas, José, _d1854-1912 _934382 |
|
| 245 | 1 | 0 | _aDiscurso leído por José Canalejas y Méndez en la sesión inaugural del curso de 1903 a 1904 celebrada el 27 de noviembre de 1903. |
| 260 |
_aMadrid : _b[s.n.], _c1903. |
||
| 300 | _a1 v. | ||
| 500 | _aPrecede al tít.: Real Academia de Jurisprudencia y Legislación. | ||
| 700 |
_aReal Academia de Jurisprudencia y Legislación de España _9217612 |
||
| 852 |
_aES-MaACL _jT-1073-F-4 |
||
| 942 | _2udc | ||
| 999 |
_c39579 _d39579 |
||